The 30th - Billie Eilish - Statistiques

Statistiques générales
  • Ce quiz a été pris 117 fois
  • Le résultat moyen est 219 sur 260
Statistiques - réponses
Réponse % Correct
a
100%
I
100%
you
100%
You
100%
in
98%
In
98%
the
98%
to
98%
on
95%
On
95%
be
94%
it
94%
where
94%
so
92%
was
92%
When
92%
And
91%
know
91%
were
91%
What
91%
your
91%
did
89%
am
88%
if
88%
If
88%
look
88%
me
88%
remember
88%
scared
88%
bed
86%
don't
86%
hospital
86%
pretty
86%
said
86%
you're
86%
different
84%
kids
84%
alive
83%
But
83%
day?
83%
even
83%
calling
81%
Just
81%
just
81%
then
81%
told
81%
happened
80%
like
80%
looked
80%
No
80%
same
80%
accident
78%
ambulance
78%
before
78%
are
77%
car
77%
anything
75%
bridge
75%
alone?
73%
Or
73%
or
73%
play?
73%
time
73%
have
72%
not
72%
one
72%
Sometimes
72%
street
72%
there
72%
There
72%
way?
72%
would
72%
little
70%
saw
70%
up
70%
didn't
69%
knows
69%
survived?
69%
traffic
69%
Woke
69%
changed
67%
panic
67%
It's
66%
staring
66%
space
64%
all
63%
drive
63%
early
63%
hard
63%
of
63%
rail
63%
shoulder
63%
think
63%
together
63%
wanted
63%
into
61%
over
61%
pulling
61%
rain?
61%
neighborhood
59%
Usually
59%
night
58%
snow
58%
wasn't
58%
that
56%
thought
56%
weren't
56%
remote?
55%
late
50%
pieced
48%
unusually
47%
Angeles
45%
you'd
45%
Crest
42%
standstill
36%
belive
30%
5
25%
Aucun quiz correspondant
Distribution des résultats
% des personnes avec chaque résultat
Percentile par nombre de réponses
Votre historique - résultats
Vous n’avez pas pris ce quiz